| 000 | 00953cab a2200217 4500 | ||
|---|---|---|---|
| 001 | ##L133166 | ||
| 008 | 060419n2006 000 0 eng u | ||
| 035 | _a(Sirsi) u133166 | ||
| 041 | 0 | _aeng | |
| 100 | 1 | _aSoltani, Sonia | |
| 245 | 0 | 0 |
_aSpecifier _bdoors and windows |
| 260 | _c2006 | ||
| 490 | 0 |
_aBuilding _v271(8425) 7 April 2006, 84-93(8) |
|
| 520 | _aReports on how a tyre factory in Liverpool has been converted into a retail, office and leisure space, by creating a glass box structure within an existing brick building. Other articles look at new door and window products, fire doors, and specifications, durability and whole-life costs for dome rooflights. Also contains list of main suppliers of doors and windows. | ||
| 590 | _aIKA250406 | ||
| 690 | _aBUILT ENVIRONMENT-BUILDING ELEMENTS-PARTS OF BUILDING ELEMENTS-OPENINGS | ||
| 700 | 1 | _aBrownrigg, Scott | |
| 700 | 1 | _aMayer, Peter | |
| 710 | 2 |
_aBarbour Index _92548 |
|
| 942 | _n0 | ||
| 999 |
_c76839 _d76839 |
||